000 00814nam a2200217 a 4500
005 20250221063742.0
008 991125s2003 mx 000 0 spa u
035 _aUPN01000005758
049 _aCG
050 4 _aHV3011
_bG3.2
100 1 _aGarcía Lira, Beatriz
_939328
245 0 0 _aAtención educativa de niñ@s de 0 a 6 años con discapacidad motora /
_ccoord. Gloria Xolot Verdejo.
260 _aMéxico :
_bOEA :
_bCIDI :
_bSEP,
_c2003.
300 _a107 p. :
_btablas
440 0 _aApoyos pedagógicos para la integración de menores de 6 años con discapacidad a la escuela regular
650 4 _aNIÑOS CON DISCAPACIDAD MOTORA -
_xEDUCACION
_927870
650 2 _aNecesidades educativas especiales
_96118
650 4 _aIntegración escolar
_9306
700 1 _aXolot Verdejo, Gloria,
_ecoord.
905 _aLibro
999 _c5758
_d5758